IFM Opac

Strategic Human Resource Management (Record no. 22165)

MARC details
000 -LEADER
fixed length control field 00297nam a22001217a 4500
020 ## - INTERNATIONAL STANDARD BOOK NUMBER
ISBN 978-0-19-568359-2
082 ## - DEWEY DECIMAL CLASSIFICATION NUMBER
Classification number 658.3
100 ## - MAIN ENTRY--AUTHOR NAME
Personal name Agarwala, Tanuja
245 ## - TITLE STATEMENT
Title Strategic Human Resource Management
260 ## - PUBLICATION, DISTRIBUTION, ETC. (IMPRINT)
Place of publication New Delhi:
Name of publisher Oxford,
Year of publication 2007
300 ## - PHYSICAL DESCRIPTION
Number of Pages xiii, 801p.: ill.; 24cm
942 ## - ADDED ENTRY ELEMENTS (KOHA)
Koha item type Books
Holdings
Withdrawn status Lost status Damaged status Not for loan Collection code Permanent Location Current Location Shelving location Date acquired Source of acquisition Full call number Accession Number Price effective from Koha item type
        Non-fiction IFM Main Campus Library IFM Main Campus Library Work Room processing 01/15/2026 Purchased 658.3 AGA 0000030922 01/15/2026 Books
        Non-fiction IFM Main Campus Library IFM Main Campus Library Work Room processing 01/15/2026 Purchased 658.3 AGA 0000030921 01/15/2026 Books